Straty v nákladovom controllingu

Úlohy a význam controllingu v oblasti informácií. Autorka sprístupňuje čitateľovi niekoľko vybraných myšlienok z oblasti riadenia nákladov v nákladovom controllingu. Prioritne sa zaoberá informáciami, ktoré poskytuje nákladový controlling z oblasti skrytých nákladov a vybraných nákladových strát pre...

Ausführliche Beschreibung

Gespeichert in:
Bibliographische Detailangaben
1. Verfasser: Foltínová, Alžbeta
Format: Buchkapitel
Sprache:Slowakisch
Schlagworte:
Tags: Tag hinzufügen
Keine Tags, Fügen Sie das erste Tag hinzu!

MARC

LEADER 00000naa$a2200000$$$4500
001 0095096
005 20240502072046.9
041 0 |a slo 
044 |a SK 
245 1 0 |a Straty v nákladovom controllingu  |c Alžbeta Foltínová 
520 |a Úlohy a význam controllingu v oblasti informácií. Autorka sprístupňuje čitateľovi niekoľko vybraných myšlienok z oblasti riadenia nákladov v nákladovom controllingu. Prioritne sa zaoberá informáciami, ktoré poskytuje nákladový controlling z oblasti skrytých nákladov a vybraných nákladových strát pre stredný a výkonný manažment v podnikovej praxi. 
610 2 0 |a podnik 
610 2 0 |a manažment 
610 2 0 |a kontroling 
610 2 0 |a náklady 
610 2 0 |a náklady a ceny 
610 2 0 |a strata 
610 2 0 |a informácie 
100 1 |a Foltínová, Alžbeta